000 00679nam a22002177a 4500
003 0
005 20240923145259.0
008 240923b xxu||||| |||| 00| 0 eng d
020 _a978-93-575192-2-9
050 _aQA 76.9
_b.Am57 2024
100 _aAmos, Zoe
245 _aComputers as components
_bembedded system design
_cZoe Amos
250 _aFirst edition
260 _aNew Delhi, India
_bRandom Publication, LLP
_c2024
300 _aix, 269 pages :
_billustrations and pictures;
_c24cm.
504 _aIncludes bibliographical references and index.
650 _aSystem design.
650 _aSoftware testing.
650 _aEmbedded processors.
942 _2lcc
_cBK
999 _c366360
_d366360